000 00687cam a2200229 a 4500
001 1965601
005 20180118050225.0
008 880722s1989 njua b 001 0 eng
010 _a 88025019
020 _a0132000563
040 _aDLC
_cDLC
_dDLC
_dWaU
_dDLC
041 _aeng
080 _a004.35
082 0 0 _a004.35 AKL
_221
100 1 _a30
101 _aSHKI
245 1 4 _aThe design and analysis of parallel algorithms /
_cSelim G. Akl.
504 _aIncludes bibliographies and indexes.
906 _a7
_bcbc
_corignew
_d1
_eocip
_f19
_gy-gencatlg
942 _2ddc
_cBK
999 _c40455
_d40455